| 000 | 00788nam a2200229 4500 | ||
|---|---|---|---|
| 003 | OSt | ||
| 005 | 20221117164352.0 | ||
| 008 | 221117b |||||||| |||| 00| 0 eng d | ||
| 020 | _a978958856281 0 | ||
| 040 | _cBiblioteca Lado V | ||
| 082 |
_a742.9 _bS939d |
||
| 100 |
_9467 _aSuarez Londono, Jose Antonio _eautor |
||
| 245 | _aDibujos con renglones/ | ||
| 260 |
_bGaleria casas Reigner _aColombia _c2012 |
||
| 300 |
_a12p. _c21x21cm |
||
| 650 |
_2Tesauro de Arte & Arquitectura _aARTE |
||
| 650 |
_2Tesauro de Arte & Arquitectura _aEXHIBICION |
||
| 650 |
_2Tesauro de Arte & Arquitectura _aARTE COLOMBIANO |
||
| 650 |
_2Tesauro de Arte & Arquitectura _aDIBUJO |
||
| 650 |
_2Tesauro de Arte & Arquitectura _aCUADERNO DE DIBUJO |
||
| 942 |
_2ddc _c1 _h741.9 _iS939d |
||
| 999 |
_c2690 _d2690 |
||